000 00317nam a2200133Ia 4500
005 20260326235504.0
008 260326s9999||||xx |||||||||||||| ||und||
100 _aSemenzato, Camillo
245 4 _aThe Rotonda /
_cCamillo Semenzato
260 _bPasqualotto
300 _a62 p.
650 _aRENACIMIENTO
942 _cBK
999 _c8136
_d8136